Science Quiz

Random Science Quiz

Nonpolar Amino Acids Quiz Stats

 Plays Quiz not verified by Sporcle

Score 0/9 Timer 10:00
0 Plays Today
Hint Answer % Correct
(Ala/A)alanine
99.2%
(Val/V)valine
98.3%
(Leu/L)leucine
98.3%
(Ile/I)isoleucine
96.6%
(Gly/G)glycine
96.6%
(Met/M)methionine
94.9%
(Phe/F)phenylalanine
90.7%
(Pro/P)proline
90.7%
(Trp/W)tryptophan
89.8%

You're not logged in!

Compare scores with friends on all Sporcle quizzes.
OR
Log In

Sporcle TV

Today on Sporcle TV


Watch our educational content, quiz creation guides, and fun videos on Sporcle TV.

Show Comments

Extras

Created Sep 13, 2017ReportNominate
Tags:Acid, amino

Top Quizzes Today


Score Distribution

Your Account Isn't Verified!

In order to create a playlist on Sporcle, you need to verify the email address you used during registration. Go to your Sporcle Settings to finish the process.

Report this User

Report this user for behavior that violates our Community Guidelines.

Details: